000 00551nam a2200193Ii 4500
003 JO-AjNU
008 230605s9999||||xx |||||||||||||| ||und||
040 _aJO-AjNU
_bara
_erda
_cJO-AjNU
041 _aara
050 1 4 _aBF128.A7.R342 1993
100 3 _aراجح،احمد عزت,
_eauthor
_914754
245 0 0 _aاصول علم النفس
264 3 1 _aد.م :د.ن ،د،ت
300 _a649ص
336 _atext
_btxt
_2rdacontent
337 _aunmediated
_bn
_2rdamedia
338 _avolume
_bnc
_2rdacarrier
650 4 _aعلم النفس
_914755
999 _aA4009
_c7577
_d7577